Statistiken für Die Top 16 aller PDC Dartsspieler 1996

Klicken Sie hier um das Quiz zu spielen!

Allgemein

  • Dieses Quiz wurde 12 mal gespielt
  • Das Durchschnittsergebnis liegt bei 10 aus 16

Antwortstatistiken

WeltranglistenplatzLandDartsspieler% Korrekt
8EnglandAlan Warriner-Little
100%
3EnglandDennis Priestley
100%
6EnglandJohn Lowe
100%
1EnglandPhil Taylor
100%
5EnglandBob Anderson
88%
15SchottlandJocky Wilson
88%
2EnglandRod Harrington
88%
13USALarry Butler
75%
11EnglandDennis Smith
63%
7SchottlandJamie Harvey
50%
10EnglandKevin Spiolek
50%
16EnglandCliff Lazarenko
38%
4EnglandPeter Evison
38%
9USASteve Brown
25%
14EnglandShayne Burgess
13%
12IrlandTom Kirby
13%

Verteilung der Resultate

Perzentil nach korrekt beantworteten Fragen

Anzahl Personen mit jedem Resultat

Ihre Resultats-Entwicklung

Sie haben dieses Quiz noch nicht gespielt